Ο Τζέρι Λούις

Αποθηκεύτηκε σε:
Λεπτομέρειες βιβλιογραφικής εγγραφής
Κύριος συγγραφέας: Βακαλόπουλος, Χρήστος, 1956-1993
Άλλοι συγγραφείς: Κακίσης, Σωτήρης, 1954- (Επιμελητής έκδοσης)
Μορφή: Βιβλίο
Γλώσσα:Greek
Δημοσίευση: Αθήνα : Αιγόκερως, 2006
Σειρά:Κινηματογράφος. Σκηνοθέτες ; ; 18
Θέματα:
Ετικέτες: Προσθήκη ετικέτας
Δεν υπάρχουν, Καταχωρήστε ετικέτα πρώτοι!

MARC

LEADER 00000cam a2200000 i 4500
001 1/55778
008 070924s2006 gre d
020 |a 960-322-255-0 
035 |l 10090958 
040 |a GR-MY-UA  |b gre  |e aacr 
041 0 |a gre 
082 0 |a 791.43028092  |2 (22) 
100 1 |a Βακαλόπουλος, Χρήστος,   |d 1956-1993. 
245 1 2 |a Ο Τζέρι Λούις /  |c Βακαλόπουλος Χρήστος ; επιμέλεια: Σωτήρης Κακίσης 
260 |a Αθήνα :   |b Αιγόκερως,   |c 2006 
300 |a 131 σ.;  |b φωτ.;  |c 20 εκ.  
490 1 |a Κινηματογράφος. Σκηνοθέτες  |v ; 18 
500 |a Remake της πρώτης έκδοσης 
600 1 0 |a Lewis, Jerry,  |d 1926-2017. 
650 0 0 |a Motion pictures actors and actresses  |z United States  |x Biography. 
650 0 0 |a Motion pictures  |x Production and direction. 
700 1 |a Κακίσης, Σωτήρης,   |d 1954-  |e edt 
830 0 |a Κινηματογράφος. Σκηνοθέτες ;  |v ; 18 
852 |a INST  |b LESVOS  |e 20070924  |h 791.43028092 ΒΑΚ  |p 005100037655  |q 005100037655  |t BK  |y 0 
901 |a BIBL1-2007-3 
909 |a Λ  |b 136734 
922 |a 1ΕΛΗ  |b 2007-07  |c ΕΠΕΑΕΚ2/ΠΤΕ  |d Σ. ΠΑΤΑΚΗΣ 
970 |a ΧΑΤΖΗΜΙΧΑΗΛ  |b ΜΑΡΙΑ  |z 2007/09/24